000 03399nam a2200373Ma 4500
005 20140903175119.0
008 870824s1678 fr a fr 001 0 latsd
026 _e++++ ++++ tam, fadi 3 1678Q (v. 1)
_2fei
026 _e7877 s..& i-at vabo 3 1678Q (v. 2)
_2fei
026 _er.um m.is o-eo puip 3 1678R (v. 3)
_2fei
035 _a(OCoLC)804342556
040 _aEs-BaCBU
_bspa
_cSandra Yazo
_dSandra Yazo
041 0 _alat
082 0 4 _a241
_220
092 _aE29N037
100 1 _aBonacina, Martino,
_d-1631.
_960941
242 0 0 _aTratado de Teología Moral y de todos los problemas de conciencia, en tres tomos
_bMartín Bonacina
_nTomo segundo
_pEn el que se trata detalladamente sobre las leyes, los mandamientos del Decálogo y de la Iglesia, sobre la restitución y sobre los contratos
_nTomo tercero
_pSobre todas las censuras eclesiásticas
_yspa
245 1 0 _cMartini Bonacinae ..
_aOperum de morali theologia et omnibus conscientiae nodis in tres tomos distrubutorum.
_nTomus secundus
_pIn quo de legibus, deque Decalogi et Ecclesiae praeceptis, itemque de restitutione et contractibus accurate disseritur.
_n Tomus Tertius
_pDe censuris omnibus Ecclesiasticis in particulari.
246 2 3 _aOperum de morali theologia in omnibus conscientiae nodis ...
250 _aEditio nouissima ... [Última edición ...]
260 _aLugduni [Lyon] (Francia)
_bsumpt. FFr. Anissoniorum & Ioan. Posuel.,
_c1678.
300 _a2 volumenes en el tomo ([8], 599 [i.e. 699], [60] ; [16], 394, [30] páginas)
_c35 x 23 cm.
500 _aDetalles físicos: Incluye dos tomos en el volumen. Encuadernación rígida (romana) en cartón duro forrado en pergamino. Tapas con roturas. Guardas. Portadas impresa en dos tintas con un grabado. Algunas cenefas, remates y mayúsculas capitales. Texto impreso en dos columnas muy densas, separadas por una línea vertical. Licencias y permisos. Signaturas y reclamos. Algunas apostillas marginales. Cortes pintados.
500 _aTitulo de la segunda portada (V.3) tiene una variación
505 1 _aV.2: Las leyes, en general y en particular. ; El pecado. ; Los Mandamientos del Decálogo. ; El primer mandamiento del Decálogo. ; El segundo mandamiento del Decálogo. ; El tercer mandamiento del Decálogo. ; El cuarto mandamiento del Decálogo. ; El quinto mandamiento del Decálogo. ; El sexto y el noveno mandamientos del Decálogo. ; El séptimo y el décimo mandamientos del Decálogo. ; El octavo mandamiento del Decálogo. ; Los mandamientos de la Iglesia. ; La restitución. ; Los contratos -- V.3: Las censuras que se aplican a los eclesiásticos. ; Discusión I: Explicación de las Censuras, a partir de la “Bula de la Cena” del Papa Urbano VIII (XXII cuestiones). ; Discusión II: Explicaciones sobre las Excomuniones en particular, al margen de la Bula de la Cena del Señor (XI cuestiones). ; Discusión III: Sobre las Suspensiones en particular (IX cuestiones). ; Discusión IV: Sobre los Entredichos en particular (III cuestiones). ; 21 cuadros sinópticos sobre excomuniones.
506 _aConsulta en sala.
546 _aTexto en latín.
650 7 _aCensuras eclesiásticas
_910656
650 7 _aDerecho canónico
_xObras anteriores a 1800
_929726
650 7 _aTeología
_xMoral
_xObras anteriores a 1800
_936871
690 _942916
_aTeología
740 0 _aOpera omnia
942 _cLIBRO
_e1
_2DEWEY
_h241
999 _c242878
_d242878